Matched winners / (Record no. 128739)

MARC details
000 -LEADER
fixed length control field 00666nam a22002177a 4500
005 - DATE AND TIME OF LATEST TRANSACTION
control field 20170124110044.0
010 ## - LIBRARY OF CONGRESS CONTROL NUMBER
LC control number A-813243
020 ## - INTERNATIONAL STANDARD BOOK NUMBER
Terms of availability 00.00
International Standard Book Number 8125006680
035 ## - SYSTEM CONTROL NUMBER
System control number A-813243
037 ## - SOURCE OF ACQUISITION
Source of stock number/acquisition Cen Lib/Ret
040 ## - CATALOGING SOURCE
Original cataloging agency DPL
Language of cataloging EN
082 ## - DEWEY DECIMAL CLASSIFICATION NUMBER
Classification number 796.358092
Item number MUK
100 ## - MAIN ENTRY--PERSONAL NAME
Personal name Mukherjee, Sujit
9 (RLIN) 23118
245 ## - TITLE STATEMENT
Title Matched winners /
Statement of responsibility, etc by Sujit Mukherjee
260 ## - PUBLICATION, DISTRIBUTION, ETC. (IMPRINT)
Place of publication, distribution, etc New Delhi
Name of publisher, distributor, etc Disha Books
Date of publication, distribution, etc 1996
270 ## - ADDRESS
Address 1/24 Asaf Ali Road
City New Delhi
Postal code 110002
300 ## - PHYSICAL DESCRIPTION
Extent 195p.
Dimensions 21cm(Hb)
650 ## - SUBJECT ADDED ENTRY--TOPICAL TERM
Topical term or geographic name as entry element Cricket--Match winners
9 (RLIN) 74342
650 ## - SUBJECT ADDED ENTRY--TOPICAL TERM
Topical term or geographic name as entry element Cricket players
9 (RLIN) 74343
942 ## - ADDED ENTRY ELEMENTS (KOHA)
Source of classification or shelving scheme Dewey Decimal Classification
Koha item type English Books
Classification part 796.358092
Call number suffix MUK
Holdings
Withdrawn status Lost status Damaged status Not for loan Home library Current library Date acquired Source of acquisition Cost, normal purchase price Total Checkouts Full call number Barcode Date last seen Copy number Cost, replacement price Price effective from Koha item type Public note
Written off       Central Library Central Library 03/07/2015 Cen Lib/Ret 0.00   796.358092 MUK A-813243 03/07/2015 1 0.00 03/07/2015 English Books W/d List 8135/21; dtd 21/2/17

© Delhi Public Library
Hit Counter
free hit counter